[Event "YUG-ch 55th"]
[Site "Subotica"]
[Date "2000.03.26"]
[Round "9"]
[White "Ilincic, Zlatko"]
[Black "Pavlovic, Milos"]
[Result "0-1"]
[WhiteElo "2554"]
[BlackElo "2481"]
[Annotator "Gershon,A"]
[PlyCount "80"]
[EventDate "2000.03.16"]
[EventType "tourn"]
[EventRounds "15"]
[EventCountry "YUG"]
[EventCategory "10"]
[SourceTitle "CBM 076"]
[Source "ChessBase"]
[SourceDate "2000.05.31"]
[SourceVersion "1"]
[SourceVersionDate "2000.05.31"]
[SourceQuality "1"]

{[%mdl 32768]} 1. d4 Nf6 2. c4 e6 3. Nf3 b6 4. g3 Ba6 5. b3 Bb7 6. Bg2 Bb4+ 7.
Bd2 Be7 8. O-O O-O 9. Nc3 Na6 10. Bf4 (10. Ne5 Bxg2 (10... d5 11. cxd5 exd5 12.
Bg5 c5 13. dxc5 Nxc5 14. Rc1 h6 15. Be3 Re8 16. Bd4 Ne6 17. e3 Nxd4 18. exd4
Ba3 19. Rc2 Ba6 20. Re1 Rc8 21. Re3 Re7 22. h4 Rec7 23. Bh3 $14 {1-0 Iljushin,
A-Parligras,M/Tallinn 1997/EXT 98 (34)}) 11. Kxg2 Qb8 12. e4 Qb7 13. Qf3 d6 (
13... Nb4 14. Bg5 {1/2-1/2 Donaldson,J-Davies,N/Wrexham 1997/CBM 60 ext (14)})
14. Nd3 Rad8 (14... Nd7 15. d5 {1/2-1/2 Naumkin,I-Davies,N/Porto San Giorgio
1998/EXT 2000 (15)}) 15. d5 c6 16. b4 c5 17. bxc5 Nxc5 18. Nb4 Nfd7 19. Nc6
Rde8 20. Bf4 Nb8 21. e5 dxe5 22. Nxe7+ Qxe7 23. Bxe5 Nbd7 24. Bd4 e5 25. Rfe1
$11 {1/2-1/2 Ftacnik,L-Romanishin,O/Ischia 1996/CBM 54 (28)}) (10. Rc1 Re8 11.
Ne5 Bxg2 12. Kxg2 Qb8 13. e3 Qb7+ 14. Qf3 Qxf3+ 15. Kxf3 c6 16. e4 Rac8 17. Be3
Ba3 18. Rc2 d6 19. Nxc6 $1 Rxc6 20. Nb5 Bb4 21. Nxa7 Rc7 22. Nb5 d5 (22... Rc6
23. a3) 23. e5 $16 {1-0 Komarov,D-Lerner,K/Vienna 1996/CBM 53 ext/[Chekhov] 
(56)}) (10. e3 Qc8 11. Qe2 Ne4 12. Rfd1 Nxd2 13. Rxd2 d5 14. cxd5 exd5 15. Ne5
Rd8 16. a3 c5 17. dxc5 Qxc5 18. Rc2 Qd6 19. Nd3 Nc7 20. b4 Ba6 21. b5 Bxb5 22.
Nxb5 Nxb5 23. Nf4 Qe5 24. Rf1 Nc3 25. Qd3 Rac8 26. Nxd5 Nxd5 27. Rxc8 Rxc8 28.
Bxd5 Rc3 29. Qb5 Kf8 $15 {1-0 Hertneck,G-Ivanchuk,V/Frankfurt 1998/CBM 65 ext 
(56)}) (10. d5 exd5 11. Nd4 c6 12. cxd5 Nxd5 13. Nxd5 cxd5 14. Nf5 Re8 15. Bf4
Bf8 16. Bxd5 Bxd5 17. Qxd5 Qf6 18. Ne3 Nc5 19. Qf3 Ne6 20. Nd5 Qg6 21. Rfd1
Rac8 22. h4 h5 23. Rd2 Qf5 24. Rad1 $16 {1-0 Kanstler,B-Psakhis,L/Israel 1999/
EXT 2000 (32)}) (10. Qb1 d5 11. cxd5 exd5 12. Ne5 c6 13. Rd1 h6 14. Qb2 Re8 15.
a3 Nc7 16. Rac1 Ne6 17. Be1 Bf8 {1/2-1/2 Bets,A-Alekseev,V/Alushta 1999/EXT
2000 (17)}) (10. Re1 c5 {Transeferring into a Hadghog position} 11. e4 cxd4 12.
Nxd4 Nc5 13. Qe2 d6 14. Rad1 Qc8 15. g4 $5 Re8 16. g5 Nfd7 17. Be3 Ne5 18. Ndb5
Rd8 19. f4 Nc6 20. f5 a6 21. Nd4 Nxd4 22. Rxd4 Re8 23. Qg4 Bf8 24. g6 $40 {
1-0 Epishin,V-Sokolov,I/Groningen 1997/CBM 63 (61)}) 10... Re8 11. a3 d5 12.
Ne5 c5 13. dxc5 Nxc5 (13... bxc5 $5 14. cxd5 exd5 15. Qd3 Nc7 $13) 14. b4 (14.
Rc1 dxc4 15. Bxb7 Nxb7 16. Nxc4 $11) 14... Nce4 15. Nxe4 Nxe4 16. cxd5 $6 {
Getting a worse position by force} (16. Qc2 $142 Bf6 17. Rad1) 16... exd5 (
16... Bxd5 17. Qd3 (17. Rc1 Rc8 18. Qd3 Rxc1 19. Rxc1 Qa8 $11) 17... Nf6 18. e4
Bb7 19. Qe2 $14) 17. Rc1 Bf6 18. Nc6 (18. Bxe4 dxe4 19. Nd7 Bb2 (19... Bg5 20.
Bxg5 Qxg5 21. Rc7 Ba6 $17 {[%csl Rd7]}) 20. Rc7 $16 {[%csl Rf7][%cal Gd1d5,
Gd1b3]}) 18... Qd7 19. Nd4 Rac8 {[%csl Gc4]} 20. Qd3 Rc4 21. Be3 (21. Rxc4 $4
dxc4 22. Qxc4 Qxd4 $19) 21... Ba6 22. Rxc4 (22. b5 Bxb5 23. Nxb5 Qxb5 24. Rb1
Qa4 (24... Qc6 25. Rfd1 Nc3 26. Bxd5 Nxd5 27. Qxd5 Qxd5 28. Rxd5 Rc3 $15) 25.
Rfc1 Rec8 $17) 22... Bxc4 $2 (22... dxc4 $142 23. Qc2 (23. Qd1 $4 Nc3 24. Qd2 (
24. Bc6 Nxd1 25. Bxd7 Nxe3 26. fxe3 Rxe3 $19 {[%csl Ra3,Rd4,Re2]}) 24... Bxd4
25. Bxd4 Qxd4 $19) 23... Nxf2 24. Bxf2 Bxd4 $17) 23. Qc2 h5 24. Rd1 h4 {
/\ 25...hxg3 26.hxg3 Ng3 -+} 25. gxh4 Bxh4 26. Nf3 (26. f3 Nd6 27. Bf4 Nb5 $17)
26... Qg4 (26... Bxf2+ 27. Bxf2 Nxf2 28. Kxf2 Rxe2+ 29. Qxe2 Bxe2 30. Kxe2 $13
{[%cal Gf3d4]}) 27. Nxh4 Qxh4 {[%cal Ge4f6,Gf6g4]} 28. Rd4 b5 (28... Re6 $2 29.
Bxe4 Rxe4 (29... dxe4 30. Qxc4 Rg6+ 31. Kf1 $18) 30. Rxe4 Qxe4 31. Qxe4 dxe4
32. Kf1 $11) 29. Qd1 Qf6 $6 {[%cal Ge4c3]} (29... Re6 $142 30. f3 Rg6 31. fxe4
(31. Qf1 Qh3 $17 {[%cal Ge4c3]}) 31... Qh3 32. Qf1 Qxe3+ 33. Qf2 Qxa3 $17 {
[%csl Rd4][%cal Ga3a1]}) 30. Bxe4 $2 (30. Qe1 $11 {[%cal Gf2f3]}) 30... dxe4 {
[%csl Rg1]} 31. h3 Qf5 $2 (31... Qh4 $142 {[%csl Gd8] also keeping an eye on
the d8 square} 32. Qf1 Re5 {[%csl Rh3][%cal Ge5h5,Gc4e6]}) 32. Rd8 Qg6+ 33. Kh2
f6 34. Rxe8+ Qxe8 35. Bxa7 Qh5 36. Qd8+ Kh7 37. Qd7 $2 (37. Qd6 Bxe2 38. Qg3
Bf3 $17) 37... Bxe2 38. Bd4 Bf3 39. Kg1 $4 (39. Qd6 Qg5 40. Qg3 Qc1 41. Qg1
Qxa3 $19) 39... Qg5+ 40. Kf1 Qc1# 0-1

[Event "ARG-ch Najdorf Memorial"]
[Site "Buenos Aires"]
[Date "1999.11.22"]
[Round "4"]
[White "Rubinetti, Jorge Alberto"]
[Black "Ricardi, Pablo"]
[Result "0-1"]
[WhiteElo "2432"]
[BlackElo "2474"]
[Annotator "Gershon,A"]
[PlyCount "106"]
[EventDate "1999.11.19"]
[EventType "tourn"]
[EventRounds "13"]
[EventCountry "ARG"]
[EventCategory "9"]
[SourceTitle "CBM 074"]
[Source "ChessBase"]
[SourceDate "2000.02.01"]
[SourceVersion "1"]
[SourceVersionDate "2000.02.01"]
[SourceQuality "1"]

1. d4 {Hecht} Nf6 2. c4 e6 3. Nf3 b6 4. g3 Ba6 5. b3 Bb4+ 6. Bd2 Be7 7. Bg2 c6
8. O-O d5 9. Ne5 Nfd7 10. Nxd7 Qxd7 11. cxd5 $2 {with this move white: 1.frees
the 'c6' square for the problematic b8 N 2.opens the a6 B 3.the opening of the
c file is of course in blacks' favour since he's much better prepared for it.}
(11. Bc3 $5 dxc4 12. d5 cxd5 13. Bxg7 Rg8 14. Bb2 Nc6 15. bxc4 Bxc4 16. Nd2 Ba6
17. Re1 (17. Rc1 Rc8 18. Re1 Bb7 19. e4 d4 20. e5 Nb4 21. Rxc8+ Qxc8 22. Ne4 d3
23. Ba3 $16 {1-0 Chernin,A-Huss,A/Brocco 1991/EXT 97 (41)}) 17... Rc8 18. e4 d4
19. Qh5 Nb4 20. Nf3 Rf8 21. Red1 Rc5 22. Ne5 Nd3 23. Nxd7 Rxh5 24. Bxd4 Kxd7
25. Bf1 $11 {1/2-1/2 Novikov,I-Adorjan,A/Debrecen 1990/CBM 20/ (64)}) (11. Bf4
O-O 12. Nd2 Bf6 13. Be5 Bxe5 14. dxe5 Rd8 15. cxd5 cxd5 16. f4 Nc6 17. Nf3 Rac8
18. Qd2 Qe7 19. a3 Qc5+ $15 {0-1 Garcia,D-Ehlvest,J/Terrassa 1991/CBM 24 (45)})
11... cxd5 12. Bc3 Nc6 13. Re1 O-O 14. e3 Rac8 15. Bf1 {White cannot bare the
B for a very long time.But with the trade of bishops white's light squares
become weak.} Qb7 16. Bxa6 Qxa6 17. Qe2 $6 {White thinks that in the endagame
his chances will become better, while in fact, he will only have bigger
trouble deffending his weaknesses.} (17. a3 $142 $5 {[%csl Gb4]} Rc7 18. Bb2
Rfc8 19. Nd2 Na5 20. Rc1 $15) (17. Bb2 Nb4 {[%cal Gb4d3,Gb4c2]}) (17. Nd2 Ba3)
17... Nb4 18. Qxa6 Nxa6 {[%cal Ga6b4]} 19. a3 Rc6 {[%cal Gf8c8]} 20. b4 $6 {
[%csl Gc4][%cal Ga6c7,Gc7b5,Gb5d6] Not a pleasant move to make, but it's
difficult to advise any serious improvment for white in this position.} (20.
Ra2 $5 Rfc8 21. Rc1 b5 $17 (21... Nc7 22. Bb2 Nb5 (22... Rxc1+ 23. Bxc1 Nb5 24.
Bd2 {holding}) 23. Rxc6 Rxc6 24. a4 Nc7 $15 {[%cal Gc7a6]})) 20... Nc7 21. Bd2
Nb5 22. a4 (22. Rc1 Rfc8 23. Rxc6 Rxc6 24. Ra2 Nd6 $17) 22... Nd6 23. b5 Rc2
24. Bb4 Rfc8 {The only open file is under black's control, and white can
hadrly do anything about it} 25. Na3 Rb2 26. Reb1 (26. Bxd6 Bxd6 $19 {[%csl
Ga3]}) 26... Rxb1+ 27. Rxb1 Kf8 $1 {[%csl Ge7] In order to penetrate black
needs to change the bishops.} 28. Rb2 Rc1+ 29. Kg2 Nc4 $19 30. Bxe7+ Kxe7 31.
Ra2 (31. Nxc4 dxc4 32. Kf3 Kd6 33. e4 Rd1 {[%csl Gd4]} 34. Ke3 Rd3+ $19) (31.
Rc2 Rxc2 32. Nxc2 Nb2 33. Nb4 Kd6 $19) 31... Kd6 32. h4 e5 33. Nxc4+ dxc4 34.
dxe5+ Kc5 {[%cal Gc5b4,Gb4b3,Gc1d1,Gc4c1]} 35. f4 c3 36. Kf3 Kb4 {The rest is
forced through the very end} 37. Ke4 Kb3 38. Rf2 Rd1 39. f5 c2 40. Rxc2 Kxc2 {
Hecht: '[#] Weiß versucht mit seinem doppelten e-Freibauern und dem aktiven
König noch das beste zu machen. Doch Schwarz ist auf der Hut und gewinnt mit
einem Tempo.'} 41. e6 fxe6 42. fxe6 Rd8 43. Ke5 Kb3 44. e7 Ra8 45. Kd6 Kxa4 46.
Kc6 Ka5 47. e4 a6 48. bxa6 Kxa6 (48... b5 49. Kb7 Re8 50. a7 Rxe7+ 51. Kb8 Kb6
$19) 49. e5 b5 50. e6 b4 51. Kd7 b3 52. e8=Q Rxe8 53. Kxe8 b2 (53... b2 {Hecht}
54. e7 b1=Q 55. Kf7 Qf5+ 56. Kxg7 Qg6+ 57. Kf8 Qf6+ 58. Ke8 Kb7 $19) 0-1

[Event "VAM Hoogeveen 3rd"]
[Site "Hoogeveen"]
[Date "1999.10.22"]
[Round "5"]
[White "Karpov, Anatoly"]
[Black "Timman, Jan H"]
[Result "1/2-1/2"]
[WhiteElo "2700"]
[BlackElo "2650"]
[Annotator "Gershon,A"]
[PlyCount "57"]
[EventDate "1999.10.15"]
[EventType "tourn"]
[EventRounds "6"]
[EventCountry "NED"]
[EventCategory "15"]
[SourceTitle "CBM 074"]
[Source "ChessBase"]
[SourceDate "2000.02.01"]
[SourceVersion "1"]
[SourceVersionDate "2000.02.01"]
[SourceQuality "1"]

1. d4 Nf6 2. c4 e6 3. Nf3 b6 4. g3 Ba6 5. b3 Bb4+ 6. Bd2 Be7 7. Bg2 c6 8. Bc3
d5 9. Ne5 Nfd7 10. Nxd7 Nxd7 11. Nd2 O-O 12. O-O Nf6 13. e4 b5 14. Re1 dxe4 15.
Qc2 (15. Rc1 Rc8 (15... Rb8 16. c5 b4 17. Bb2 Bd3 18. Nxe4 Bxe4 19. Bxe4 Nxe4
20. Rxe4 Bf6 21. Qe2 Qa5 22. Ra1 Qb5 23. a3 Qxe2 24. Rxe2 h5 {With an equality
in: Karpov,A-Anand,V/ Siemens Giants, Frankfurt GER 1999 (41)}) 16. c5 Nd5 17.
Rxe4 Nxc3 18. Rxc3 f5 $5 19. Rxe6 Qxd4 20. Rc1 Bxc5 21. Qe2 Bb6 22. Nf3 Qg4 23.
Rd1 f4 $36 {1-0 Karpov,A-Portisch,L/Rotterdam 1989/CBM 13 (44)}) 15... Rc8 16.
Rad1 Nd5 $1 (16... h6 $6 {Much less effective than the game.} 17. Bf1 Qd7 18.
Nxe4 Nxe4 19. Qxe4 bxc4 20. bxc4 Bf6 21. Bb4 Rfd8 22. Bc5 Be7 23. Qc2 Bb7 24.
Qa4 Rc7 25. Bg2 Ba8 26. h4 h5 27. Bf3 g6 28. Qa5 $16 {1/2-1/2 Beliavsky,
A-Chandler,M/Moscow 1990/TD (61)}) 17. Bxe4 (17. Bb2 {Also failed to yield
white any advantage after:} Nb4 18. Qxe4 bxc4 19. bxc4 Nxa2 20. Ra1 Nb4 21. Bc3
Rb8 22. Bxb4 Bxb4 $11 {in :1/2-1/2 Dydyshko,V-Huzman,A/Batumi GEO 1999 (27)}) (
17. cxd5 $2 cxd5 {white has no way to escape b5-b4 with clear advantage for
black}) 17... Nxc3 18. Qxc3 Bf6 19. Qc2 g6 20. Nf3 bxc4 21. bxc4 Qa5 22. c5 (
22. Re3 c5 23. d5 exd5 24. Bxd5 {[%csl Ga6]} (24. cxd5 c4 25. d6 Rfd8 $132 {
[%cal Gc4c3]}) 24... Rc7 {[%cal Ga6c8,Gc8f5,Ya6b7]} 25. Ne5 Bc8 $11) 22... Bb5
$5 {[%csl Gb5][%cal Gb5a4] Timman doesn't want to test Karpov's homework and
not waiting for an improvement over his game with Adams earlier this year.His
idea is to put the bishop on a protected square, and have white prove he has
sufficient compensation for the pawn} (22... Rfd8 {Trying to immediately put
pressure on the weakenned with white's last move, d4 square.} 23. Qc1 Rd7 24.
h4 Qd8 (24... Qxa2 25. Qf4 Bg7 26. Ra1 {[%csl Ga6]} (26. Ne5 Bxe5 27. dxe5 $44)
26... Qc4 27. Rec1 Qb5 28. Rcb1 (28. Ne5 Bxe5 29. dxe5 $44 {[%cal Gh4h5]})) 25.
Rd2 Bb5 26. Qc3 e5 27. dxe5 Rxd2 28. Nxd2 Bxe5 29. Qxe5 Qxd2 30. Bf3 Qxa2 31.
Ra1 Qd2 32. Rxa7 Qc1+ 33. Kh2 $14 {1/2-1/2 Karpov,A-Adams,M/It, Dos Hermanas
ESP 1999 (47)}) 23. Qc1 Qxa2 24. Qf4 Bg7 25. Ra1 Qb2 {[%csl Gd4] Now that the
bishop is no longer unprotected, black queen can threaten on white's pawns,
thus forcing white to repeat moves.} 26. Reb1 (26. Rxa7 $2 Bxd4 27. Ng5 Bxc5
28. Rxf7 Be7 $1 $19) 26... Qc3 27. Rc1 Qb2 28. Rab1 Qa2 29. Ra1 1/2-1/2

[Event "GER CupT"]
[Site "Forchheim"]
[Date "2000.03.19"]
[Round "2"]
[White "Timman, Jan H"]
[Black "Dautov, Rustem"]
[Result "1-0"]
[WhiteElo "2655"]
[BlackElo "2602"]
[Annotator "Gershon,A"]
[PlyCount "55"]
[EventDate "2000.03.18"]
[EventType "team"]
[EventRounds "2"]
[EventCountry "GER"]
[SourceTitle "CBM 076"]
[Source "ChessBase"]
[SourceDate "2000.05.31"]
[SourceVersion "1"]
[SourceVersionDate "2000.05.31"]
[SourceQuality "1"]

{[%mdl 2]} 1. d4 {Knaak} Nf6 2. c4 e6 3. Nf3 b6 4. g3 Ba6 5. Nbd2 c5 6. Bg2 Nc6
7. Ne5 $5 (7. dxc5 Bxc5 (7... bxc5 8. O-O Bb7 (8... Be7 9. e4 O-O 10. b3 d6 11.
Bb2 Qc7 12. Re1 Bb7 13. Nb1 Rfd8 14. Nc3 a6 15. Qd2 Nd7 16. h3 Nde5 17. Nh2 Nb4
18. Re3 Bf6 19. Rd1 h5 20. h4 Qa5 $15 {0-1 Ivanov,T-Kastanieda,G/Krasnoiarsk
1998/EXT 2000 (52)}) 9. Ne5 Qc7 10. Nxc6 Bxc6 11. e4 d6 12. b3 Be7 13. Bb2 O-O
14. Qe2 Nd7 15. Nb1 Bf6 16. Bxf6 Nxf6 17. Nc3 Rfd8 18. Rad1 Ne8 19. f4 e5 $6
20. fxe5 dxe5 21. Nd5 Bxd5 22. exd5 Rab8 23. Rde1 f6 24. Bh3 g6 25. Be6+ Kg7
26. g4 $16 {1/2-1/2 Bonin,J-Gustafsson,J/New York 1999/EXT 2000 (50)}) 8. a3
Bb7 9. b4 Be7 10. Bb2 O-O 11. O-O d6 (11... Rc8 12. e4 (12. Qb3 a5 (12... Rc7
13. Rac1 Qa8 14. Qd3 h6 15. Rfd1 Rd8 16. e4 d6 17. Qe2 a5 18. Ra1 axb4 19. axb4
Qc8 20. Bc3 Nd7 21. Nd4 Nxd4 22. Bxd4 Bf6 23. Bxf6 Nxf6 24. Qe3 d5 {1/2-1/2
Bronstein,D-Taimanov,M/Zuerich 1953/Candidates (24)}) 13. b5 Nb8 14. Rfd1 Qc7
15. Rac1 Rfd8 {1/2-1/2 Kholmov,R-Tal,M/Baku 1972/URS-ch (15)}) 12... d6 13. Qe2
a5 $2 14. b5 Nb8 15. e5 dxe5 16. Nxe5 Bxg2 17. Kxg2 Qc7 18. Ndf3 (18. Rfd1 Nfd7
19. Ndf3 Nc5 20. Nd4 Na4 21. Ndc6 Nxc6 22. Rd7 Nb8 23. Rxc7 Rxc7 24. Bd4 Nc5
25. Rd1 $16 {0-1 Kutirov,R-Bitoon,R/Elista 1998/CBM 66 ext (64)}) 18... Nfd7
19. Rad1 Bf6 20. Nxd7 Nxd7 21. Bxf6 Nxf6 22. Ne5 Qc5 23. Rd3 Rfd8 24. Rfd1 Rxd3
25. Rxd3 h6 26. f4 $16 {1-0 Zoler,D-Gershon,A/Israeli League tt, Tel Aviv ISR
1999 (60)}) (11... a5 $2 12. b5 Nb8 13. Qc2 d6 14. Ng5 {[%csl Gb7,Gh7][%cal
Gb2f6,Gg2b7]} Bxg2 15. Bxf6 g6 16. Nxe6 fxe6 17. Bxe7 Qxe7 18. Kxg2 $18 {
1-0 Giorgadze,T-Kupreichik,V/URS 1979/MCD (44)}) 12. Qc2 Qc7 13. Ng5 Ne5 (13...
h6 14. Bxf6 hxg5 15. Bxe7 Qxe7 $16 {[%csl Gg5]} (15... Nxe7 16. Bxb7 Qxb7 17.
Ne4 $16)) 14. Bxb7 Qxb7 15. Bxe5 dxe5 16. Nde4 Nxe4 17. Nxe4 {A tricky
position, on one hand white has virtually an extra pawn on the Q side, but his
biggest problem is the very passive knight on e4 (d2)} a5 $1 $13 {0-1 Zoler,
D-Gershon,A/Antwerp 1999/CBM 72/[Gershon] (41)}) 7... Nxd4 {'!' Knaak. Knaak:
'Ein bekanntes und aussichtsreiches Qualitätsopfer.'} 8. e3 (8. Bxa8 Qxa8 9. f3
(9. O-O Be7 10. b3 d6 11. Nef3 Nxf3+ 12. Nxf3 Qc6 13. Bb2 Bb7 14. h3 O-O 15.
Qc2 Ne4 16. Kh2 f5 17. Rad1 g5 18. Qc1 Rf7 19. Qe3 g4 20. Ne1 Bg5 21. f4 gxf3
22. Qxf3 Nd2 23. Qxc6 Nxf1+ 24. Kg1 Bxc6 $17 {1/2-1/2 Vladimirov,E-Dautov,R/
Frunze 1988/TD (47)}) 9... Be7 10. e3 Nf5 11. Kf2 O-O 12. e4 Nd4 13. Re1 Rd8
14. Nb3 d6 15. Nxd4 cxd4 16. Qa4 Bb7 17. Nd3 Nd7 18. Qd1 Rf8 19. Bd2 f5 20. e5
Nc5 21. Nxc5 dxc5 22. Qe2 g5 $44 {... 0-1 Blaha,P-Olsar,J/CZE 1999/EXT 2000 
(39)}) 8... Nf5 9. Qa4 $1 $146 {Forcing black to waste an important tempo} (9.
Bxa8 Qxa8 10. O-O Bd6 11. Nef3 h5 12. Re1 Ne4 13. Nxe4 Qxe4 14. Nd2 Qc6 15. b3
h4 16. Qf3 hxg3 17. hxg3 Bb7 18. Qxc6 Bxc6 19. e4 Nd4 20. Bb2 Nc2 21. Bxg7 Rh7
22. Bf6 Rh6 23. Bg7 Rh7 24. Bf6 Nxa1 25. Bxa1 f5 $15 {1-0 Hertneck,G-Dautov,R/
Bad Wiessee 1997/CBM 61 ext (63)}) 9... Qc8 10. Bxa8 Qxa8 11. Rg1 {White's
idea is to castle long when the weakness of the h1-a8/^ will not be as felt as
it is woth short castle} Bc8 (11... Bb7 12. g4 {[%cal Gg4g5]} Qb8 $8 13. gxf5
Qxe5 14. Qxa7 $16) 12. b3 Ne4 13. Bb2 Nxd2 14. Kxd2 Be7 15. Rad1 f6 16. Nd3 Bb7
17. Kc1 Bc6 18. Qa6 O-O {Knaak: 'Dautov konnte mit 18...Ba6 auf Remis spielen,
aber zurecht hat er hier noch ganz andere Absichten.'} 19. h4 Rb8 (19... Bb7
$142 $5 {I think this move is faster than the text.} 20. Qa3 (20. Qb5 Bc6 $11)
20... b5 21. h5 (21. cxb5 c4 22. Nb4 Rc8 $40) 21... bxc4 22. bxc4 d5 $44 23. g4
$140 Nd6 $36) (19... Bf3 20. Rd2 Bb7) 20. h5 b5 {'?' Knaak. Knaak: 'Ein wie
sich bald herausstellt fataler Fehler.'} ({Mit} 20... h6 $1 $15 {konnte
Schwarz dagegen das weiße Spiel am Königsflügel im Keime ersticken.}) 21. g4 {
'|^' Knaak.} Nh4 $2 {'?!' Knaak. The knight is much moreuseful on d6 Knaak:
'Eine weitere Ungenauigkeit; obwohl der Springer scheinbar das schöne Feld f3
sicher hat, wird er bis zum Schluss der Partie keine Rolle mehr spielen.'} (
21... Nd6 $142 22. g5 fxg5 23. Ne5 {Knaak: 'Weiß hat schon die Initiative
übernommen:'} Rb6 24. Qa5 bxc4 25. Rxd6 $1 {Knaak} (25. bxc4 Rxb2 26. Kxb2 (26.
Nxc6 Qxc6 $19) 26... Bf6 $19) 25... Bxd6 26. Qc3 $1 Bf8 27. Rxg5 $1 Qd8 (27...
h6 28. Rg1 $16) 28. f4 Qf6 29. Qd2 $1 Qe7 30. h6 $16) 22. g5 {'!' Knaak.} fxg5
23. Ne5 Rb6 {'?!' Knaak.} ({Mit} 23... Qb7 {(Knaak)} 24. Qxb7 Rxb7 {konnte
sich Schwarz in ein Endspiel retten, welches gewisse Remischancen bietet.}) 24.
Qa5 {'+-' Knaak. Now it's a defferent story since black is playing with one
pieces less} Qb7 25. Nxc6 dxc6 {Knaak: 'Unglaublich wie sich die Linien und
Diagonalen geöffnet haben.'} (25... Qxc6 26. Qxa7 {[%csl Rd7]} bxc4 27. Qxd7
$18) 26. Qc3 Bf6 27. Qd3 e5 $2 {A blunder in a bad position} (27... bxc4 28.
Qxc4 Bxb2+ 29. Kxb2 Qe7 30. Rxg5 $1 Qxg5 31. Qxe6+ Kf8 32. Qc8+ Kf7 33. Rd7+
$18) (27... Qe7 28. Bxf6 Qxf6 29. Qd8+ Qxd8 30. Rxd8+ Kf7 31. Rxg5 $18) 28.
Bxe5 (28. Bxe5 Bxe5 29. Qd8+ Kf7 30. Rd7+ $18) 1-0